[Event "Titled Tuesday intern op 09th Jan Early"]
[Site "Chess.com INT"]
[Date "2024.01.09"]
[Round "9"]
[White "Kolmagorov, Alexey"]
[Black "Tikhonov, Viacheslav"]
[Result "1-0"]
[WhiteElo "2124"]
[BlackElo "2160"]
[PlyCount "179"]
[EventDate "2024.01.09"]
[EventType "swiss (blitz)"]
[EventRounds "11"]
[EventCountry "USA"]
[SourceTitle "CB03_2024"]
[SourceDate "2024.01.17"]
[SourceVersion "1"]
[SourceVersionDate "2024.01.17"]
[SourceQuality "1"]

1. d4 Nf6 2. c4 g6 3. g3 c6 4. Bg2 d5 5. Nf3 Bg7 6. Nbd2 0-0 7. 0-0 Bf5 8. b3 a5 9. Bb2 a4 10. Nh4 Be6 11. e4 dxe4 12. Nxe4 Nxe4 13. Bxe4 Bh3 14. Re1 c5 15. Bxb7 Ra7 16. Bg2 Bxg2 17. Nxg2 a3 18. Bc3 cxd4 19. Bb4 d3 20. Rb1 Nc6 21. Bc5 Rd7 22. Qd2 Nd4 23. Bxd4 Bxd4 24. Nf4 Bb2 25. Nd5 e6 26. Nf4 Qf6 27. Re3 Bc3 28. Qc1 Rfd8 29. b4 d2 30. Qxc3 Qxc3 31. Rxc3 d1Q+ 32. Rxd1 Rxd1+ 33. Kg2 g5 34. Nh5 R1d3 35. Rc1 Rd1 36. Rc3 R8d3 37. Rc2 R1d2 38. Rc1 Rxa2 39. c5 Rb2 40. c6 Rd8 41. Nf6+ Kg7 42. Ne4 Rxb4 43. c7 Rc8 44. Nd6 a2 45. Ra1 Ra8 46. c8Q Rxc8 47. Nxc8 Ra4 48. Nd6 f5 49. Nb5 Kf6 50. Nc3 Ra3 51. Nb5 Ra5 52. Nd4 h5 53. Nb3 Ra3 54. Nc1 Rc3 55. h4 gxh4 56. gxh4 f4 57. Ne2 Rc2 58. Nxf4 Kf5 59. Nd3 Kg4 60. Nb4 Rb2 61. Nxa2 Kxh4 62. Nc3 Kg5 63. Ra5+ Kg6 64. Ne4 Re2 65. Ng3 Re1 66. Nxh5 Kf7 67. Nf4 Ke7 68. Nd3 Re4 69. Re5 Rd4 70. Nf4 Rd6 71. Kf3 Kf6 72. Rxe6+ Rxe6 73. Nxe6 Kxe6 74. Kf4 Kf6 75. f3 Kg6 76. Ke5 Kg7 77. Kf5 Kg8 78. Kf6 Kh8 79. f4 Kg8 80. f5 Kf8 81. Kg6 Kg8 82. f6 Kh8 83. Kf7 Kh7 84. Ke7 Kg6 85. f7 Kh7 86. f8Q Kg6 87. Qf6+ Kh7 88. Qg5 Kh8 89. Kf7 Kh7 90. Qg7# 1-0

[Event "Titled Tuesday intern op 09th Jan Early"]
[Site "Chess.com INT"]
[Date "2024.01.09"]
[Round "2"]
[White "Zavgorodniy, Sergiy"]
[Black "Kolmagorov, Alexey"]
[Result "1-0"]
[WhiteElo "2401"]
[BlackElo "2124"]
[PlyCount "99"]
[EventDate "2024.01.09"]
[EventType "swiss (blitz)"]
[EventRounds "11"]
[EventCountry "USA"]
[SourceTitle "CB03_2024"]
[SourceDate "2024.01.17"]
[SourceVersion "1"]
[SourceVersionDate "2024.01.17"]
[SourceQuality "1"]

1. e4 c5 2. Nf3 Nc6 3. Bb5 g6 4. 0-0 Bg7 5. c3 e5 6. a3 Nge7 7. b4 d6 8. d3 0-0 9. Be3 b6 10. Nbd2 Bb7 11. Bc4 d5 12. exd5 Nxd5 13. Qb3 Nxe3 14. fxe3 Qe7 15. Ne4 h6 16. Nfd2 Nd8 17. Bd5 Kh7 18. c4 f5 19. Ng3 Bxd5 20. cxd5 e4 21. dxe4 Bxa1 22. Rxa1 fxe4 23. Ngxe4 Nb7 24. Ng3 Qf6 25. Rf1 Qe5 26. Nf3 Qe7 27. e4 cxb4 28. axb4 a5 29. bxa5 Rxa5 30. Qxb6 Ra2 31. e5 Qc5+ 32. Qxc5 Nxc5 33. Rc1 Nd3 34. Rc7+ Kg8 35. e6 Ne5 36. e7 Nxf3+ 37. gxf3 Rb8 38. Rb7 Rc8 39. Rb1 Kf7 40. d6 Rcc2 41. Nf1 Rg2+ 42. Kh1 Rgf2 43. Re1 Ke8 44. d7+ Kxd7 45. e8Q+ Kd6 46. Qe6+ Kc5 47. Qe5+ Kc6 48. Rc1+ Kd7 49. Rc7+ Kd8 50. Qe7# 1-0

[Event "Titled Tuesday intern op 19th Dec Early"]
[Site "Chess.com INT"]
[Date "2023.12.19"]
[Round "10"]
[White "Franchini, Gabriele"]
[Black "Kolmagorov, Alexey"]
[Result "0-1"]
[WhiteElo "2173"]
[BlackElo "2124"]
[PlyCount "76"]
[EventDate "2023.12.19"]
[EventType "swiss (blitz)"]
[EventRounds "11"]
[EventCountry "USA"]
[SourceTitle "CB52_2023"]
[SourceDate "2023.12.27"]
[SourceVersion "1"]
[SourceVersionDate "2023.12.27"]
[SourceQuality "1"]

1. e4 c5 2. Nc3 Nc6 3. Bb5 Nd4 4. Nf3 a6 5. Bd3 e6 6. 0-0 Ne7 7. Nxd4 cxd4 8. Ne2 Nc6 9. f4 Be7 10. Ng3 b6 11. c3 Bb7 12. Qg4 Qc7 13. cxd4 Nxd4 14. Qxg7 0-0-0 15. b4 Nc6 16. b5 axb5 17. Bb2 Rhg8 18. Qxf7 Rgf8 19. Qxh7 Rxf4 20. Rac1 Rxf1+ 21. Bxf1 Kb8 22. Bxb5 Bc5+ 23. Kh1 Qf4 24. Bxc6 Bxc6 25. d4 Bxd4 26. Rf1 Qd2 27. Bxd4 Qxd4 28. Qh5 Kb7 29. Qf3 Rg8 30. a3 Qe5 31. Ne2 Qxe4 32. Qxe4 Bxe4 33. Rf2 Ra8 34. Nc3 Rxa3 35. Nd1 Ra1 36. Rf1 Bd3 37. Re1 Bc2 38. h3 Rxd1 0-1

[Event "Titled Tuesday intern op 19th Dec Early"]
[Site "Chess.com INT"]
[Date "2023.12.19"]
[Round "7"]
[White "Hirneise, Jens"]
[Black "Kolmagorov, Alexey"]
[Result "1-0"]
[WhiteElo "2270"]
[BlackElo "2124"]
[PlyCount "67"]
[EventDate "2023.12.19"]
[EventType "swiss (blitz)"]
[EventRounds "11"]
[EventCountry "USA"]
[SourceTitle "CB52_2023"]
[SourceDate "2023.12.27"]
[SourceVersion "1"]
[SourceVersionDate "2023.12.27"]
[SourceQuality "1"]

1. Nf3 Nf6 2. b3 d5 3. Bb2 g6 4. g3 Bg7 5. Bg2 0-0 6. 0-0 c5 7. c4 d4 8. e3 Nc6 9. exd4 cxd4 10. b4 Nxb4 11. Bxd4 Bg4 12. Bc3 Nd3 13. h3 Be6 14. Na3 Rc8 15. Ng5 Bxc4 16. Nxc4 Rxc4 17. Bxb7 h6 18. Nf3 Nc5 19. Bc6 Nce4 20. Bxe4 Rxe4 21. Rb1 Qd7 22. Kg2 Nd5 23. Bxg7 Kxg7 24. Qc2 Re6 25. Qb2+ Nf6 26. Qb7 Rd8 27. Rfc1 Nd5 28. d4 Re2 29. a3 Qf5 30. Rb3 Nf6 31. Rc5 Qd7 32. Re5 Qxb7 33. Rxb7 Nd5 34. Rxe2 1-0

[Event "Titled Tuesday intern op 12th Dec Early"]
[Site "Chess.com INT"]
[Date "2023.12.12"]
[Round "2"]
[White "Kolmagorov, Alexey"]
[Black "Ambartsumova, Karina"]
[Result "0-1"]
[WhiteElo "2124"]
[BlackElo "2418"]
[PlyCount "74"]
[EventDate "2023.12.12"]
[EventType "swiss (blitz)"]
[EventRounds "11"]
[EventCountry "USA"]
[SourceTitle "CB51_2023"]
[SourceDate "2023.12.20"]
[SourceVersion "1"]
[SourceVersionDate "2023.12.20"]
[SourceQuality "1"]

1. d4 Nf6 2. c4 e6 3. g3 d5 4. Bg2 dxc4 5. Qa4+ c6 6. Qxc4 b5 7. Qc2 Bb7 8. Nf3 Be7 9. Nbd2 Nbd7 10. Nb3 0-0 11. Bd2 a5 12. a4 b4 13. 0-0 Qb6 14. Rfc1 Rfd8 15. Nc5 Nxc5 16. dxc5 Qa6 17. Bf1 Qa7 18. e4 Ba6 19. Ne5 Rac8 20. Be3 Bxf1 21. Rxf1 b3 22. Qc4 Qb7 23. Rfd1 Rb8 24. f3 Qc7 25. Qc3 Ne8 26. Bf4 Bf6 27. Nc4 Bxc3 28. Bxc7 Bd4+ 29. Rxd4 Rxd4 30. Bxb8 Rxc4 31. Bd6 Rc2 32. Rb1 f6 33. h4 Kf7 34. Rd1 Rxb2 35. Bb8 Rc2 36. Rd7+ Kg6 37. Rb7 b2 0-1

[Event "Titled Tuesday intern op 12th Dec Early"]
[Site "Chess.com INT"]
[Date "2023.12.12"]
[Round "3"]
[White "Kolmagorov, Alexey"]
[Black "Batsiashvili, Nino"]
[Result "0-1"]
[WhiteElo "2124"]
[BlackElo "2451"]
[PlyCount "64"]
[EventDate "2023.12.12"]
[EventType "swiss (blitz)"]
[EventRounds "11"]
[EventCountry "USA"]
[SourceTitle "CB51_2023"]
[SourceDate "2023.12.20"]
[SourceVersion "1"]
[SourceVersionDate "2023.12.20"]
[SourceQuality "1"]

1. d4 Nf6 2. c4 c5 3. d5 b5 4. cxb5 a6 5. bxa6 e6 6. Nc3 exd5 7. Nxd5 Bxa6 8. Nxf6+ Qxf6 9. Nf3 Nc6 10. g3 Be7 11. Bg2 0-0 12. 0-0 Qe6 13. Re1 Rfd8 14. Bg5 d5 15. Bxe7 Qxe7 16. a3 Rac8 17. Qc2 d4 18. Qa4 Bxe2 19. Nd2 Nb8 20. Bf3 d3 21. Rac1 Nd7 22. Bg4 Rb8 23. Bxe2 dxe2 24. Nc4 Nb6 25. Nxb6 Rxb6 26. Qc2 Re6 27. h4 h5 28. a4 Rd5 29. a5 Rde5 30. a6 Rxa6 31. Qxc5 Rxc5 32. Rxc5 Qxc5 0-1

[Event "Titled Tuesday intern op 12th Dec Early"]
[Site "Chess.com INT"]
[Date "2023.12.12"]
[Round "7"]
[White "Kolmagorov, Alexey"]
[Black "Hua, Lefong"]
[Result "0-1"]
[WhiteElo "2124"]
[BlackElo "2305"]
[PlyCount "84"]
[EventDate "2023.12.12"]
[EventType "swiss (blitz)"]
[EventRounds "11"]
[EventCountry "USA"]
[SourceTitle "CB51_2023"]
[SourceDate "2023.12.20"]
[SourceVersion "1"]
[SourceVersionDate "2023.12.20"]
[SourceQuality "1"]

1. d4 Nf6 2. c4 c5 3. d5 e6 4. Nc3 exd5 5. cxd5 d6 6. g3 g6 7. Bg2 Bg7 8. Nf3 0-0 9. 0-0 a6 10. a4 Re8 11. Re1 Ne4 12. Nxe4 Rxe4 13. Qc2 Rb4 14. Ra2 Bf5 15. e4 Bg4 16. Bd2 Bxf3 17. Bxf3 a5 18. Bxb4 axb4 19. e5 Bxe5 20. Rxe5 dxe5 21. Qxc5 Na6 22. Qb5 Rb8 23. Ra1 Qd6 24. Rc1 Kg7 25. Rc4 h5 26. h4 Kh6 27. Kg2 Kg7 28. a5 Kh6 29. Qb6 Qxb6 30. axb6 Rd8 31. Rc7 f5 32. Rxb7 e4 33. Be2 Nc5 34. Rc7 Rxd5 35. b7 Nxb7 36. Rxb7 Rd2 37. Bc4 Rxb2 38. Bg8 g5 39. Rb6+ Kg7 40. Be6 e3 41. Kg1 e2 42. Rb7+ Kf6 0-1

[Event "Titled Tuesday intern op 12th Dec Early"]
[Site "Chess.com INT"]
[Date "2023.12.12"]
[Round "10"]
[White "Kuchava, Ana"]
[Black "Kolmagorov, Alexey"]
[Result "0-1"]
[WhiteElo "2101"]
[BlackElo "2124"]
[PlyCount "74"]
[EventDate "2023.12.12"]
[EventType "swiss (blitz)"]
[EventRounds "11"]
[EventCountry "USA"]
[SourceTitle "CB51_2023"]
[SourceDate "2023.12.20"]
[SourceVersion "1"]
[SourceVersionDate "2023.12.20"]
[SourceQuality "1"]

1. d4 Nf6 2. Nf3 d5 3. c4 e6 4. Nc3 a6 5. e3 dxc4 6. Bxc4 b5 7. Bd3 Bb7 8. 0-0 c5 9. a3 Nbd7 10. Qe2 Be7 11. Rd1 Qb6 12. Bc2 0-0 13. e4 cxd4 14. Nxd4 Ne5 15. Bb3 Bc5 16. Be3 Nfg4 17. Nc2 Nxe3 18. Nxe3 Bxe3 19. Qxe3 Qxe3 20. fxe3 Rfd8 21. h3 Nd3 22. Rd2 Nc5 23. Rxd8+ Rxd8 24. Bc2 Rd2 25. Rd1 Rxd1+ 26. Bxd1 Nxe4 27. Bf3 Nc5 28. Bxb7 Nxb7 29. Kf2 Nd6 30. b3 Kf8 31. Kf3 Ke7 32. e4 Kd7 33. Ke3 Kc6 34. Kd4 Nb7 35. b4 Nd6 36. a4 Nc4 37. axb5+ axb5 0-1

[Event "Titled Tuesday intern op 14th Nov Early"]
[Site "Chess.com INT"]
[Date "2023.11.14"]
[Round "2"]
[White "Kolmagorov, Alexey"]
[Black "Shohat, Yotam"]
[Result "0-1"]
[WhiteElo "2124"]
[BlackElo "2332"]
[PlyCount "88"]
[EventDate "2023.11.14"]
[EventType "swiss (blitz)"]
[EventRounds "11"]
[EventCountry "USA"]
[SourceTitle "CB47_2023"]
[SourceDate "2023.11.22"]
[SourceVersion "1"]
[SourceVersionDate "2023.11.22"]
[SourceQuality "1"]

1. d4 Nf6 2. c4 e6 3. g3 c5 4. d5 exd5 5. cxd5 g6 6. Nc3 Bg7 7. Bg2 0-0 8. Nf3 d6 9. 0-0 Re8 10. Re1 a6 11. a4 Ne4 12. Nxe4 Rxe4 13. Qc2 Re8 14. Bg5 Qc7 15. e4 Nd7 16. Nd2 h6 17. Bf4 g5 18. Be3 Ne5 19. h3 Bd7 20. a5 Bb5 21. Bf1 Qd7 22. Kg2 Ng6 23. Qb3 Re7 24. f3 Rae8 25. Bxb5 axb5 26. a6 bxa6 27. Rxa6 f5 28. Rb6 f4 29. gxf4 gxf4 30. Bf2 b4 31. Nc4 Be5 32. Kh2 Rg7 33. Rg1 Kh7 34. Qa2 Reg8 35. Qa6 Nh4 36. Rxg7+ Qxg7 37. Rb7 Nxf3+ 38. Kh1 Bd4 39. Bxd4 cxd4 40. Nxd6 d3 41. Nf5 d2 42. Rxg7+ Rxg7 43. Qf1 Rg1+ 44. Qxg1 Nxg1 0-1

[Event "RUS-chT2"]
[Site "Sochi"]
[Date "2021.05.10"]
[Round "9.2"]
[White "Klukin, Kirill"]
[Black "Kolmagorov, Alexey"]
[Result "1-0"]
[WhiteElo "2330"]
[BlackElo "2129"]
[PlyCount "79"]
[EventDate "2021.05.01"]
[EventType "team-swiss"]
[EventRounds "9"]
[EventCountry "RUS"]
[SourceTitle "CBM 202 Extra"]
[Source "ChessBase"]
[SourceDate "2021.07.31"]
[SourceVersion "1"]
[SourceVersionDate "2021.07.31"]
[SourceQuality "1"]
[WhiteTeam "Moscow Northern Character"]
[BlackTeam "Novosibirsk Region NSTU"]
[WhiteTeamCountry "RUS"]
[BlackTeamCountry "RUS"]

1. c4 Nf6 2. Nf3 c5 3. b3 g6 4. Bb2 Bg7 5. e4 d6 6. d3 Nc6 7. Nc3 0-0 8. Be2 a6 9. 0-0 Ne8 10. Qd2 Nc7 11. Nd5 Bxb2 12. Qxb2 Ne6 13. b4 Ncd4 14. bxc5 dxc5 15. a4 Bd7 16. Ne5 Bc6 17. f4 Qd6 18. g3 Nxe2+ 19. Qxe2 Nd4 20. Qg2 Bxd5 21. cxd5 b5 22. h4 f6 23. Ng4 c4 24. dxc4 bxc4 25. Rad1 Nb3 26. Kh2 Qc5 27. d6 exd6 28. e5 fxe5 29. fxe5 d5 30. Nf6+ Kh8 31. Rxd5 Qc6 32. Rd7 Qxg2+ 33. Kxg2 Rxf6 34. Rxf6 Rc8 35. Rfd6 Nc5 36. Rd8+ Rxd8 37. Rxd8+ Kg7 38. Rc8 Nxa4 39. Rxc4 Nb2 40. Rc7+ 1-0

[Event "RUS-chT2"]
[Site "Sochi"]
[Date "2021.05.02"]
[Round "2.2"]
[White "Kolmagorov, Alexey"]
[Black "Pingin, Artem"]
[Result "1/2-1/2"]
[WhiteElo "2129"]
[BlackElo "2334"]
[PlyCount "77"]
[EventDate "2021.05.01"]
[EventType "team-swiss"]
[EventRounds "9"]
[EventCountry "RUS"]
[SourceTitle "CBM 202 Extra"]
[Source "ChessBase"]
[SourceDate "2021.07.31"]
[SourceVersion "1"]
[SourceVersionDate "2021.07.31"]
[SourceQuality "1"]
[WhiteTeam "Novosibirsk Region NSTU"]
[BlackTeam "Sverdlovsk Region Malakhit"]
[WhiteTeamCountry "RUS"]
[BlackTeamCountry "RUS"]

1. c4 e6 2. g3 Nf6 3. Bg2 d5 4. Nf3 Be7 5. 0-0 0-0 6. d4 Nbd7 7. Qc2 c6 8. Nbd2 b6 9. e4 dxc4 10. Nxc4 Bb7 11. Bf4 c5 12. Rfe1 cxd4 13. Nd6 Bxd6 14. Bxd6 d3 15. Qxd3 Bxe4 16. Qd4 e5 17. Qa4 Re8 18. Rad1 Bxf3 19. Bxf3 e4 20. Bxe4 Nxe4 21. Rxe4 Rxe4 22. Qxe4 Nc5 23. Qf3 Ne6 24. Be7 Qe8 25. Qb7 Qc8 26. Qxc8+ Rxc8 27. Rd7 Rc7 28. Rxc7 Nxc7 29. Kf1 f6 30. Bd6 Nd5 31. Ke2 Kf7 32. Kd3 Ke6 33. Bf8 g6 34. Kd4 Nc7 35. Bb4 Kd7 36. Ke4 Ke6 37. Kd4 Kd7 38. Ke4 Ke6 39. Kd4 1/2-1/2

[Event "RUS-chT2"]
[Site "Sochi"]
[Date "2019.05.04"]
[Round "4.4"]
[White "Kamaev, Dzhabrail"]
[Black "Kolmagorov, Alexey"]
[Result "0-1"]
[WhiteElo "1982"]
[BlackElo "2180"]
[PlyCount "112"]
[EventDate "2019.05.01"]
[EventType "team-swiss"]
[EventRounds "9"]
[EventCountry "RUS"]
[SourceTitle "CBM 190 Extra"]
[Source "ChessBase"]
[SourceDate "2019.07.15"]
[SourceVersion "1"]
[SourceVersionDate "2019.07.15"]
[SourceQuality "1"]
[WhiteTeam "Dagestan"]
[BlackTeam "Novosibirsk Region"]
[WhiteTeamCountry "RUS"]
[BlackTeamCountry "RUS"]

1. d4 Nf6 2. Nf3 e6 3. e3 c5 4. Bd3 d5 5. c3 Be7 6. Nbd2 0-0 7. 0-0 b6 8. Qe2 Bb7 9. dxc5 bxc5 10. e4 Nc6 11. e5 Nd7 12. Re1 c4 13. Bc2 Nc5 14. Nf1 Ba6 15. Ng3 Nd3 16. Bxd3 cxd3 17. Qe3 Qb6 18. Nh5 Qxe3 19. Bxe3 Rfc8 20. Red1 Rab8 21. Rab1 Rb7 22. h3 Na5 23. Nf4 d2 24. b3 g5 25. Nh5 Be2 26. Rxd2 Bxf3 27. gxf3 Rxc3 28. Rbd1 Nc6 29. Kg2 h6 30. f4 Bc5 31. fxg5 Bxe3 32. fxe3 hxg5 33. Nf6+ Kg7 34. Ng4 Rb4 35. Rf2 Ne7 36. Rdf1 Nf5 37. Rxf5 exf5 38. Rxf5 Rb6 39. Nf6 Rc2+ 40. Kg3 Kg6 41. Rf3 Rxa2 42. Nxd5 Re6 43. Rf6+ Rxf6 44. exf6 Ra3 45. Kg4 Rxb3 46. e4 Rb5 47. Kf3 Rxd5 48. exd5 Kf5 49. d6 Kxf6 50. Ke4 Ke6 51. d7 Kxd7 52. Kf5 a5 53. Kxg5 a4 54. h4 a3 55. h5 a2 56. h6 a1Q 0-1

[Event "St Petersburg Korchnoi Memorial op"]
[Site "St Petersburg"]
[Date "2018.08.23"]
[Round "9"]
[White "Kolmagorov, Alexey"]
[Black "Bajarani, Ulvi"]
[Result "0-1"]
[WhiteElo "2230"]
[BlackElo "2425"]
[PlyCount "116"]
[EventDate "2018.08.15"]
[EventType "swiss"]
[EventRounds "9"]
[EventCountry "RUS"]
[SourceTitle "CBM 186 Extra"]
[Source "ChessBase"]
[SourceDate "2018.08.24"]
[SourceVersion "1"]
[SourceVersionDate "2018.08.24"]
[SourceQuality "1"]

1. d4 Nf6 2. c4 e6 3. Nf3 b6 4. g3 Bb7 5. Bg2 Be7 6. 0-0 0-0 7. Re1 Ne4 8. Qc2 f5 9. Nfd2 d5 10. b3 Nc6 11. Bb2 Bf6 12. Nf3 Nb4 13. Qc1 c5 14. Nbd2 dxc4 15. Qxc4 Bd5 16. Qc1 Rc8 17. Qd1 cxd4 18. Nxe4 Bxe4 19. Rc1 Qd5 20. Qd2 Nxa2 21. Rxc8 Rxc8 22. Bxd4 Nc3 23. Bxf6 Qxd2 24. Nxd2 gxf6 25. Bxe4 fxe4 26. Nc4 b5 27. Nd6 Rc6 28. Nb7 Kf8 29. Kf1 Rc7 30. Rc1 Ke7 31. b4 f5 32. Na5 Kd6 33. Ke1 Nd5 34. Rb1 Rc2 35. Nb7+ Ke5 36. Ra1 Rc7 37. Na5 Nxb4 38. Rb1 Nc2+ 39. Kd2 Nd4 40. Rb4 a6 41. Rb2 Kd5 42. Ke3 Rc3+ 43. Kd2 Rc7 44. Ke3 h6 45. Kd2 e5 46. h4 f4 47. gxf4 exf4 48. h5 Ke5 49. Nb3 Nxb3+ 50. Rxb3 Kf5 51. f3 e3+ 52. Kd3 Rd7+ 53. Kc3 Rd2 54. Ra3 Rd6 55. Kb4 Kg5 56. Kc5 Rf6 57. Kd5 Kxh5 58. Ke5 Kg6 0-1

[Event "St Petersburg Korchnoi Memorial op"]
[Site "St Petersburg"]
[Date "2018.08.18"]
[Round "4"]
[White "Khubukshanov, Erdem"]
[Black "Kolmagorov, Alexey"]
[Result "1-0"]
[WhiteElo "2031"]
[BlackElo "2230"]
[PlyCount "111"]
[EventDate "2018.08.15"]
[EventType "swiss"]
[EventRounds "9"]
[EventCountry "RUS"]
[SourceTitle "CBM 186 Extra"]
[Source "ChessBase"]
[SourceDate "2018.08.24"]
[SourceVersion "1"]
[SourceVersionDate "2018.08.24"]
[SourceQuality "1"]

1. e4 c5 2. Nf3 g6 3. d4 cxd4 4. Nxd4 Nc6 5. Be3 Nf6 6. Nc3 Bg7 7. Bc4 Qa5 8. 0-0 0-0 9. Bb3 d6 10. h3 Bd7 11. Re1 Rac8 12. Nd5 Qd8 13. Nb5 Nxd5 14. exd5 Na5 15. Nxa7 Ra8 16. c3 b6 17. Nc6 Nxc6 18. dxc6 Bxc6 19. Qg4 Ra5 20. Rad1 Qc7 21. Bg5 e5 22. Qh4 Re8 23. Bf6 h6 24. Bxg7 Kxg7 25. Re3 Re7 26. Qg3 Kh7 27. h4 f5 28. Red3 Rd7 29. Be6 Rd8 30. h5 Be8 31. Qh4 g5 32. Bxf5+ Kg7 33. Qg4 Ra4 34. b4 Rxa2 35. Be6 Ra3 36. Qf5 Qe7 37. Rxd6 Rxd6 38. Qxe5+ Qf6 39. Qxf6+ Kxf6 40. Rxd6 Ke5 41. Rxb6 Rxc3 42. Bg4 Kf4 43. Be2 Rc1+ 44. Kh2 Bc6 45. b5 Bd5 46. Rf6+ Ke5 47. Rxh6 Rc2 48. Bf3 Be6 49. Kg3 Rc3 50. b6 g4 51. Rxe6+ Kxe6 52. Kxg4 Kf6 53. Be4 Rc4 54. f3 Kg7 55. b7 Rb4 56. Kh4 1-0

[Event "St Petersburg Korchnoi Memorial op"]
[Site "St Petersburg"]
[Date "2018.08.15"]
[Round "1"]
[White "Kolmagorov, Alexey"]
[Black "Kalashnikova, Elena"]
[Result "1-0"]
[WhiteElo "2230"]
[BlackElo "1779"]
[PlyCount "53"]
[EventDate "2018.08.15"]
[EventType "swiss"]
[EventRounds "9"]
[EventCountry "RUS"]
[SourceTitle "CBM 186 Extra"]
[Source "ChessBase"]
[SourceDate "2018.08.24"]
[SourceVersion "1"]
[SourceVersionDate "2018.08.24"]
[SourceQuality "1"]

1. d4 Nf6 2. c4 g6 3. Nc3 d5 4. cxd5 Nxd5 5. Bd2 Nxc3 6. Bxc3 Bg7 7. e4 0-0 8. Qd2 c5 9. d5 Qc7 10. Nf3 Rd8 11. Rc1 Bxc3 12. Rxc3 e6 13. Bc4 exd5 14. Bxd5 Be6 15. 0-0 Bxd5 16. exd5 Na6 17. Rd1 Qd6 18. Ng5 b6 19. Rf3 f5 20. Nxh7 Kxh7 21. Rh3+ Kg8 22. Qc3 Rf8 23. Qh8+ Kf7 24. Rh7+ Ke8 25. Re1+ Kd8 26. Qg7 Nb8 27. Re6 1-0

[Event "RUS-chT U18"]
[Site "St Petersburg"]
[Date "2015.08.08"]
[Round "8.35"]
[White "Polosin, Evgeni"]
[Black "Kolmagorov, Alexey"]
[Result "1/2-1/2"]
[WhiteElo "2034"]
[BlackElo "1992"]
[PlyCount "48"]
[EventDate "2015.08.01"]
[EventType "team-swiss"]
[EventRounds "9"]
[EventCountry "RUS"]
[SourceTitle "CBM 167 Extra"]
[Source "ChessBase"]
[SourceDate "2015.09.14"]
[SourceVersion "1"]
[SourceVersionDate "2015.09.14"]
[SourceQuality "1"]
[WhiteTeam "Cheliabinsk Chess and Checkers"]
[BlackTeam "Teis Youth"]
[WhiteTeamCountry "RUS"]
[BlackTeamCountry "RUS"]

1. e4 c5 2. Nf3 Nc6 3. c3 d5 4. e5 Bg4 5. Bb5 Qc7 6. d4 e6 7. 0-0 Nge7 8. dxc5 Ng6 9. b4 Ngxe5 10. Be2 Nxf3+ 11. Bxf3 Bf5 12. Na3 a6 13. Qa4 Be7 14. Nb5 Qd7 15. Rd1 0-0 16. Nd4 Bg6 17. Nxc6 Qxc6 18. Qb3 Bf6 19. Bb2 Qc7 20. Rac1 Bg5 21. Ra1 Bf6 22. Rac1 Bg5 23. Ra1 Bf6 24. Rac1 Bg5 1/2-1/2

[Event "Novokuznetsk SFO-ch U15"]
[Site "Novokuznetsk"]
[Date "2014.11.09"]
[Round "8"]
[White "Tokmashov, Maxim"]
[Black "Kolmagorov, Alexey"]
[Result "1-0"]
[WhiteElo "1941"]
[BlackElo "1898"]
[PlyCount "97"]
[EventDate "2014.11.02"]
[EventType "swiss"]
[EventRounds "9"]
[EventCountry "RUS"]
[SourceTitle "CBM 163 Extra"]
[Source "ChessBase"]
[SourceDate "2014.12.23"]
[SourceVersion "1"]
[SourceVersionDate "2014.12.23"]
[SourceQuality "1"]

1. d4 Nf6 2. Nf3 e6 3. e3 c5 4. Bd3 Nc6 5. 0-0 cxd4 6. exd4 Be7 7. b3 0-0 8. a3 b6 9. Bb2 d5 10. Nbd2 Bb7 11. Ne5 Rc8 12. f4 g6 13. Qf3 Ne8 14. Qh3 Bf6 15. Rae1 Bg7 16. Ndf3 Nf6 17. Ng5 Qc7 18. g4 Rce8 19. Nxc6 Qxc6 20. a4 Qc8 21. Ba3 Ba6 22. Bxa6 Qxa6 23. Bxf8 Rxf8 24. f5 h6 25. fxg6 hxg5 26. Rxf6 fxg6 27. Rxf8+ Kxf8 28. Qf3+ Kg8 29. Qe3 Qa5 30. c3 b5 31. Qxe6+ Kh7 32. Re3 Qc7 33. Rh3+ Bh6 34. Rxh6+ Kxh6 35. Qg8 a6 36. Qh8+ Qh7 37. Qxh7+ Kxh7 38. axb5 axb5 39. Kf2 Kg7 40. Ke3 Kf6 41. Kd3 Ke6 42. c4 bxc4+ 43. bxc4 dxc4+ 44. Kxc4 Kd6 45. d5 Kd7 46. Kc5 Kc7 47. d6+ Kd8 48. Kd5 Kd7 49. Ke5 1-0

[Event "Novokuznetsk SFO-ch U15"]
[Site "Novokuznetsk"]
[Date "2014.11.07"]
[Round "6"]
[White "Marchuk, Rostislav"]
[Black "Kolmagorov, Alexey"]
[Result "1-0"]
[WhiteElo "1864"]
[BlackElo "1898"]
[PlyCount "81"]
[EventDate "2014.11.02"]
[EventType "swiss"]
[EventRounds "9"]
[EventCountry "RUS"]
[SourceTitle "CBM 163 Extra"]
[Source "ChessBase"]
[SourceDate "2014.12.23"]
[SourceVersion "1"]
[SourceVersionDate "2014.12.23"]
[SourceQuality "1"]

1. d4 Nf6 2. Nf3 e6 3. Nbd2 d5 4. e3 Nbd7 5. Bd3 Be7 6. 0-0 0-0 7. Qe2 c5 8. c3 b6 9. e4 dxe4 10. Nxe4 Bb7 11. Bf4 Nxe4 12. Bxe4 Bxe4 13. Qxe4 Nf6 14. Qe2 Nd5 15. Bg3 Bd6 16. Rad1 Bxg3 17. hxg3 Qc7 18. dxc5 Qxc5 19. Rd4 Qc7 20. Rfd1 Nf6 21. Qe5 Rac8 22. Qxc7 Rxc7 23. Ne5 g6 24. c4 Kg7 25. b3 Rfc8 26. f3 Rb8 27. a4 Rbb7 28. g4 Ng8 29. g5 Ne7 30. Ng4 Nf5 31. Rd8 h6 32. Nf6 hxg5 33. Ne8+ Kh7 34. Nxc7 Rxc7 35. R1d7 Rxd7 36. Rxd7 Kg7 37. Rxa7 Nd4 38. Rb7 Nxb3 39. Rxb6 Nc5 40. a5 Nd7 41. Rb5 1-0

[Event "Novokuznetsk SFO-ch U15"]
[Site "Novokuznetsk"]
[Date "2014.11.04"]
[Round "3"]
[White "Kolmagorov, Alexey"]
[Black "Klimenko, Maksim"]
[Result "0-1"]
[WhiteElo "1898"]
[BlackElo "1962"]
[PlyCount "52"]
[EventDate "2014.11.02"]
[EventType "swiss"]
[EventRounds "9"]
[EventCountry "RUS"]
[SourceTitle "CBM 163 Extra"]
[Source "ChessBase"]
[SourceDate "2014.12.23"]
[SourceVersion "1"]
[SourceVersionDate "2014.12.23"]
[SourceQuality "1"]

1. d4 d5 2. c4 e6 3. Nf3 Nf6 4. g3 dxc4 5. Bg2 Nc6 6. 0-0 Rb8 7. a4 a6 8. Na3 b5 9. axb5 axb5 10. Bg5 Bxa3 11. Rxa3 0-0 12. e4 h6 13. Bxf6 Qxf6 14. e5 Qd8 15. h4 Bb7 16. g4 Qd7 17. Qd2 Rfd8 18. Rd1 Ne7 19. Ra7 Bxf3 20. Bxf3 Nc6 21. Bxc6 Qxc6 22. Qe3 Ra8 23. Rda1 Rxa7 24. Rxa7 Qb6 25. Qa3 Qxd4 26. Rxc7 Qxg4+ 0-1